US States by Nickname Quiz Stats

 Plays Quiz Updated Feb 15, 2019

Support Sporcle.
Go Orange.
Score 0/50 Timer 07:00
7 Plays Today
Nickname State % Correct
The Aloha StateHawaii
92.3%
The Empire StateNew York
90.3%
The Lone Star StateTexas
90.1%
The Great Lakes StateMichigan
88.3%
The Grand Canyon StateArizona
87.7%
The Sunshine StateFlorida
87.5%
The Golden StateCalifornia
85%
The Peach StateGeorgia
84.5%
Mount Rushmore StateSouth Dakota
84.5%
The Buckeye StateOhio
79.7%
The Garden StateNew Jersey
79.5%
The Bluegrass StateKentucky
78.3%
The Hoosier StateIndiana
77.5%
The Cornhusker StateNebraska
76.9%
The Tar Heel StateNorth Carolina
76%
The First StateDelaware
75.3%
The Sooner StateOklahoma
74.4%
The Volunteer StateTennessee
71.2%
The Last FrontierAlaska
70.3%
The Hawkeye StateIowa
68.3%
The Badger StateWisconsin
66.1%
Yellowhammer State | Heart of Dixie*Alabama
65.5%
The Show-Me StateMissouri
64.8%
The Beaver StateOregon
63.8%
The Green Mountain StateVermont
59.3%
Nickname State % Correct
The Old DominionVirginia
56.9%
The Keystone StatePennsylvania
56.6%
The Pelican StateLouisiana
54.4%
The Palmetto StateSouth Carolina
54.4%
The Evergreen StateWashington
53.6%
The Silver StateNevada
51.4%
The Constitution StateConnecticut
51.1%
The North Star StateMinnesota
51.1%
The Bay StateMassachusetts
49.8%
The Magnolia StateMississippi
49.5%
The Ocean StateRhode Island
48.3%
The Granite StateNew Hampshire
46.8%
The Sunflower State Kansas
46.7%
The Land of Enchantment New Mexico
45.2%
The Pine Tree StateMaine
43%
The Beehive StateUtah
42.9%
The Mountain StateWest Virginia
39.7%
The Old Line StateMaryland
38.6%
The Gem StateIdaho
36.7%
The Centennial StateColorado
34.6%
The Prairie StateIllinois
34.5%
The Natural StateArkansas
33.2%
The Equality StateWyoming
33%
The Treasure StateMontana
30%
The Peace Garden StateNorth Dakota
29.7%

From the Vault

'H' Cities by Clue

by Flick

You probably don't want to play a giant game of Clue with entire cities. Or do you?
Remove Ads.
Support Sporcle.
Get the best of Sporcle when you Go Orange. This ad-free experience offers more features, more stats, and more fun while also helping to support Sporcle. Thank you for becoming a member.

Show Comments

Extras

Top Quizzes Today


Score Distribution

Your Account Isn't Verified!

In order to create a playlist on Sporcle, you need to verify the email address you used during registration. Go to your Sporcle Settings to finish the process.

Report this User

Report this user for behavior that violates our Community Guidelines.

Details: